Playstation-Konsolen - Statistiken

Allgemein
  • Dieses Quiz wurde 326 mal gespielt
  • Das Durchschnittsergebnis liegt bei 6 aus 11
Antwortstatistiken
Erscheinungsjahr Konsole % Korrekt
2006 PlayStation 3
100%
2013 PlayStation 4
100%
2020 PlayStation 5
100%
1994 PlayStation
99%
2000 PlayStation 2
99%
2004 PlayStation Portable
79%
2011 PlayStation Vita
39%
2023 PlayStation Portal
6%
2013 PlayStation TV
4%
2018 PlayStation Classic
2%
1999 PocketStation
2%
Keine übereinstimmenden Quizze gefunden
Verteilung der Resultate
Anzahl Personen mit jedem Resultat
Perzentil nach korrekt beantworteten Fragen
Ihre Resultats-Entwicklung
Sie haben dieses Quiz noch nicht gespielt